Metal extremo. 30 años de oscuridad (1981-2011).
Wedi'i Gadw mewn:
| Prif Awdur: | |
|---|---|
| Fformat: | Llyfr |
| Iaith: | Saesneg |
| Cyhoeddwyd: |
Lleida, España:
Milenio,
2023.
|
| Rhifyn: | Séptima edición. |
| Cyfres: | Música,
|
| Pynciau: | |
| Tagiau: |
Ychwanegu Tag
Dim Tagiau, Byddwch y cyntaf i dagio'r cofnod hwn!
|
MARC
| LEADER | 00000nam a22000007a 4500 | ||
|---|---|---|---|
| 003 | CL-VaPUC | ||
| 005 | 20240115120030.0 | ||
| 008 | 231220t2023 ||||| |||| 00| 0 eng d | ||
| 999 | |c 442791 |d 442789 | ||
| 020 | |a 978-84-9743-463-8 | ||
| 040 | |c Pontificia Universidad Católica de Valparaíso | ||
| 082 | |2 22 |a 781.66 RUB 2023 | ||
| 100 | |9 886743 |a Rubio, Salva |e autor | ||
| 245 | |a Metal extremo. |b 30 años de oscuridad (1981-2011). | ||
| 250 | |a Séptima edición. | ||
| 260 | |a Lleida, España: |b Milenio, |c 2023. | ||
| 300 | |a 590 páginas. | ||
| 490 | |a Música, |n 48. | ||
| 500 | |a c.1 Compra Prof. María Ximena Urbina Carrasco / MEMO HIS/008 12/12/2023. | ||
| 505 | |a - Pioneros. - Trash. - Death. - Death Sueco. - Death Melódico. - Industrial. - Grindcore. - Goregrind. - Doom. - Gothic. - Folk. - Vanguardia. | ||
| 583 | |c 20231220 |k Yessy Sthefany Diaz Vidal | ||
| 650 | 0 | |9 306741 |a Historia de la música |x Heavy metal (metal pesado) |x Metal extremo |v Apreciación y estética | |
| 650 | 0 | |9 471724 |a Historia del rock |x Bandas internacionales |x Lírica y estética musical | |
| 942 | |2 ddc |c BK | ||
| 952 | |0 0 |1 0 |2 ddc |4 0 |6 781_660000000000000_RUB_2023 |7 0 |8 A |9 592973 |a BIBHIS |b BIBHIS |c GEN |d 2023-12-20 |e Compra |i 5659326 |l 9 |o 781.66 RUB 2023 |p 5659326 |r 2025-04-24 |s 2025-04-17 |t 1 |w 2023-12-20 |y BK |k HIS | ||